LEADER 01300nam 2200421 450 001 9910478924203321 010 $a1-61332-050-7 035 $a(CKB)3840000000342614 035 $a(MiAaPQ)EBC5295563 035 $a(EXLCZ)993840000000342614 100 $a20180311h20142014 uy 0 101 0 $aeng 135 $aurcnu|||||||| 181 $2rdacontent 182 $2rdamedia 183 $2rdacarrier 200 10$aBuilding together $ecase studies in participatory planning and community building /$fRoger Katan and Ronald Shiffman 205 $aFirst edition. 210 1$aNew York, [New York] :$cNew Village Press,$d2014. 210 4$d©2014 215 $a1 online resource (302 pages) 311 $a1-61332-048-5 320 $aIncludes bibliographical references and index. 606 $aCity planning$xCitizen participation$vCase studies 606 $aCommunity development$vCase studies 608 $aElectronic books. 615 0$aCity planning$xCitizen participation 615 0$aCommunity development 676 $a307.1/216 700 $aKatan$b Roger$034408 702 $aShiffman$b Ron 801 0$bMiAaPQ 801 1$bMiAaPQ 801 2$bMiAaPQ 906 $aBOOK 912 $a9910478924203321 996 $aBuilding together$92487376 997 $aUNINA LEADER 01167nam a2200289 i 4500 001 991002342299707536 005 20020507162838.0 008 000426s1994 it ||| | ita 020 $a8814047162 035 $ab11643419-39ule_inst 035 $aLE02734895$9ExL 040 $aDip.to Studi Giuridici$bita 082 0 $a945.084 084 $aC-XI/C 100 1 $aNegri, Guglielmo$0126071 245 10$aStoria politica italiana dall'unità alla Repubblica :$ble istituzioni e la società nell'analisi dei fatti e dei documenti /$cGuglielmo Negri ; [lezioni raccolte a cura di Andrea Morichetti Franchi e Giovanni Zanfarino] 260 $aMilano :$bA. Giuffrè,$c[1994] 300 $a420 p. ;$c24 cm. 651 4$aItalia$xPolitica$y1861-1947 700 1 $aZanfarino, Giovanni 700 1 $aMorichetti Franchi, Andrea 907 $a.b11643419$b02-04-14$c02-07-02 912 $a991002342299707536 945 $aLE027 C-XI/C 30$g1$i2027000265398$lle027$o-$pE0.00$q-$rl$s- $t0$u2$v0$w2$x0$y.i11866202$z02-07-02 996 $aStoria politica italiana dall'unità alla Repubblica$9891137 997 $aUNISALENTO 998 $ale027$b01-01-00$cm$da $e-$fita$git $h0$i1 LEADER 02031nam 2200493 a 450 001 9910563010303321 005 20131008184333.0 024 7 $a10.3726/b12546 035 $a(CKB)4340000000239435 035 $a(WaSeSS)Ind00078122 035 $a(oapen)https://directory.doabooks.org/handle/20.500.12854/26436 035 $a(oapen)doab26436 035 $a(EXLCZ)994340000000239435 100 $a20131008h20121994 || | 101 0 $aeng 135 $aur||||||||||| 181 $ctxt$2rdacontent 182 $cc$2rdamedia 183 $acr$2rdacarrier 200 10$aTransition to a market economy at the end of the 20th century $eeleventh International Economic History Congress, Session A-3, September 12-17, 1994, Milano = U?bergang zur Marktwirtschaft am ende des 20. Jahrhunderts /$fedited by Ivan T. Berend 210 $aMunich, Germany $cSu?dosteuropa-Gesellschaft$d2012, c1994 215 $a1 online resource (272 p.) 225 1 $aSu?dosteuropa-Studien ;$vBand 54 311 08$a3-95479-732-1 320 $aIncludes bibliographical references. 330 $aLiteraturverz. S. 249 - 272. Durchsuchbare elektronische Faksimileausgabe als PDF. Digitalisiert im Rahmen des DFG-Projektes Digi20 in Kooperation mit der BSB Mu?nchen. OCR-Bearbeitung durch den Verlag Otto Sagner. 410 0$aSu?dosteuropa-Studien ;$vBand 54. 517 3 $aU?bergang zur Marktwirtschaft am Ende des 20. Jahrhunderts 606 $aCapitalism$vCongresses 606 $aEconomic history$y1990-$vCongresses 606 $aEconomic history$y1971-1990$vCongresses 606 $aMixed economy$vCongresses 615 0$aCapitalism 615 0$aEconomic history 615 0$aEconomic history 615 0$aMixed economy 700 $aBerend$b iván$4edt 701 $aBerend$b T. Iva?n$g(Tibor Iva?n),$f1930-$0374956 801 0$bWaSeSS 801 1$bWaSeSS 906 $aBOOK 912 $a9910563010303321 996 $aTransition to a market economy at the end of the 20th century$92837421 997 $aUNINA